| 000 | 00831nam0a22002411 4500 | ||
|---|---|---|---|
| 001 | rc\82341 | ||
| 005 | 20250620173437.0 | ||
| 035 | _a(NLR Aleph) 005351537 | ||
| 090 |
_a6802401 _c6802401 |
||
| 100 | _a20021216d1995 |||y0rusy50 ca | ||
| 101 | 0 | _arus | |
| 102 | _aRU | ||
| 105 | _ay ||||||||| | ||
| 200 | 1 |
_aМеждународная ответственность национальных обществ Красного Креста и Красного Полумесяца _e[Перевод] |
|
| 210 |
_aМ. _cБ. и. _d1995 |
||
| 215 |
_a118, [1] с. _d21 |
||
| 300 | _aНа обл. в вых. дан.: Междунар. ком. Красного Креста | ||
| 700 | 1 |
_aПеррюшу _bР. _gРишар |
|
| 801 | 0 |
_aRU _bNLR _gpsbo |
|
| 801 | 1 |
_aRU _bELAR _2rusmarc |
|
| 852 |
_aNLR _j95-5/1282 |
||
| 942 | _cBOOK | ||
| 980 | _aNB | ||